Archaeological parenchyma /

محفوظ في:

المؤلف الرئيسي: Hather, Jon G., 1963- (مؤلف)

التنسيق: كتاب

اللغة: English

منشور في: London : Archetype, 2000.

الموضوعات:

الوسوم: إضافة وسم

لا توجد وسوم, كن أول من يضع وسما على هذه التسجيلة!

رقم الطلب: CC79.5 .P5 H38 2000

LEADER 00835namaa2200265 4500
001 23442
003 OSt
005 20251029062642.0
008 130303s2000 enka b 001 0 eng d
020 |a 9781873132425 
020 |a 1873132425  
040 |c ARCE Library 
050 4 |a CC79.5 .P5 H38 2000 
100 1 |a Hather, Jon G.,  |d 1963-  |e author  |9 31754 
245 1 0 |a Archaeological parenchyma /  |c J. G. Hather.  
264 1 |a London :  |b Archetype,  |c 2000. 
300 |a x, 100 pages :   |b illustrations ;   |c 30 cm. 
504 |a Includes bibliographical references (pages [95]-97) and index.  
555 |a https://catalog.lib.uchicago.edu/vufind/Record/4565138/Details#tabnav 
555 |a Noura 
650 0 |a Plant remains (Archaeology)  
650 0 |a Parenchyma, Plant.   |9 10601 
901 |a reviewed 
942 |c BK  |2 lcc 
999 |c 20584  |d 20584